| 000 | 00472nam a22001817a 4500 | ||
|---|---|---|---|
| 003 | CEME | ||
| 005 | 20210628205506.0 | ||
| 008 | 210127b xxu||||| |||| 00| 0 eng d | ||
| 020 | _a9812-53-080-0 | ||
| 040 | _c. | ||
| 082 | _a530 WAL | ||
| 100 |
_aWalker, Jearl _98685 |
||
| 245 | _aThe flying circus of physics with answers | ||
| 260 |
_aNEW YORK _bJOHN WILEY & SONS _c2004 |
||
| 300 | _a295P | ||
| 650 |
_aPHYSICS-PROBLEMS EXERCISES, ETC _964442 |
||
| 942 |
_cBK _2ddc |
||
| 999 |
_c581176 _d581176 |
||